Modernization among peasants : the impact of communication.

Gorde:
Xehetasun bibliografikoak
Egile nagusia: Rogers, Everett M. (autor)
Formatua: Liburua
Hizkuntza:ingelesa
Gaiak:
Etiketak: Etiketa erantsi
Etiketarik gabe, Izan zaitez lehena erregistro honi etiketa jartzen!

MARC

LEADER 00000cam^a2200000uu^4500
001 000464421
005 20250521000000.0
008 050901s1969^^^^^^^^^^^^rd^r^^000^0^eng^d
009 20260310124334.829
035 |a FCE 000006982 
035 |a FCE 027698 
037 |a Acervo ITESO - Biblioteca 
041 |a eng 
082 0 4 |a 305.5633  |b ROGm 
100 |a Rogers, Everett M.  |e (autor) 
245 1 0 |a Modernization among peasants :  |b the impact of communication. 
264 |a Estados Unidos :  |b Holt, Rinehart and Wilson,  |c 1969. 
300 |a 429 p. 
336 |a texto  |b txt  |2 rdacontenido 
337 |a sin mediación  |b n  |2 rdamedio 
338 |a volumen  |b nc  |2 rdasoporte 
649 |a XX 
650 |a Cambio social 
650 |a Alfabetización 
650 |a Campesinos 
650 |a Zona rural 
650 |a Desarrollo 
650 |a Estudio 
650 |a Modernización 
650 |a Medios de comunicación social 
650 |a Colombia 
910 |a Fondo Centro de Estudios Educativos 
920 |a Impresos - Libros 
930 |a Fondos Especiales 
905 |a 133 
901 |a ALE027698  |b IT2  |c CEE  |u 20250521 
902 |a https://opac.biblio.iteso.mx/vufind/Record/000464421